1272 1136 1699 1334 1265 1999 1136 1319 1316 1106 1052 1595 1002 1908 1970 1922 1782 1001 1831 1638 1591 1152 1580 1820 1268 1744 1554 1528 1806 1522 1542 1018 1502 1804 1355 1429 1077 1672 1053 1554 1417 1642 1636 1527 1607 1217 1494 1472 1254 1328 1718 1555 1338 1453 1719 1713 1305 1107 1525 1381 1684 1280 1834 1172 1027 1698 1257 1540 1480 1987 1000 1336 1053 1246 1077 1710 1226 1939 1741 1147 1612 1513 1098 1464 1046 1778 1149 1353 1557 1781 1227 1395 1479 1513 1444 1989 1506 1925 1555 BCNSPRNW ULIB Ver.6.0+V

เปลี่ยนเป็นภาษาไทย

Change to English
 แสดงรายละเอียดบรรณานุกรม
  กลับหน้าหลัก

Brief Record : Get Marc (ISO 2709) : E-mail record : QR code < ปิดหน้าต่าง
LEADER : 00000nam 2200000uu 4500
001    13399123555
003     ULIB
008    020711s2556 th a 000 0 tha d
020    9786163351197
060    WC515^bป418ร
100    ประเสริฐ ทองเจริญ
245    ระบาดบันลือโลก 20 : ไข้หวัดใหญ่/ไข้หวัดนก /^cประเสริฐ ทองเจริญ
250    พิมพ์ครั้งที่ 1
260    กรุงเทพฯ :^bอักษรสมัย(๑๙๙๙),^c2556
300    245 หน้า;^b18.5 ซม.
650    ไข้หวัดใหญ่
650    ไข้หวัดนก
945    ^p200^l0^i21131
945    ^p200^l0^i21132
945    ^p200^l0^i21133
945    ^p200^l0^i21134
945    ^p200^l0^i21135
รายการนี้ยังไม่มีแท็ก
คุณยังไม่ได้ล็อกอิน คุณสามารถมีกิจกรรมร่วมกับเว็บไซต์ได้ แต่ต้องล็อกอินก่อน ::
  ล็อกอิน

รายการสื่อสารสนเทศ

ลำดับที่ ประเภท เลขเรียก/บาร์โค้ด สถานที่ สถานะ
1. วิทยาศาสตร์การแพทย์ และสุขภาพ
หนังสือสำรอง
สถานะ=หนังสือสำรอง
WC515 ป418ร ฉ.1 
  Barcode: 21131
ห้องสมุดวิทยาเขตนครสวรรค์
►หนังสือทั่วไป:l:General Books
บนชั้น
2. วิทยาศาสตร์การแพทย์ และสุขภาพ
วิทยาศาสตร์การแพทย์ และสุขภาพ
WC515 ป418ร ฉ.2 
  Barcode: 21132
ห้องสมุดวิทยาเขตนครสวรรค์
►หนังสือทั่วไป:l:General Books
บนชั้น
3. วิทยาศาสตร์การแพทย์ และสุขภาพ
วิทยาศาสตร์การแพทย์ และสุขภาพ
WC515 ป418ร ฉ.3 
  Barcode: 21133
ห้องสมุดวิทยาเขตนครสวรรค์
►หนังสือทั่วไป:l:General Books
บนชั้น
4. วิทยาศาสตร์การแพทย์ และสุขภาพ
วิทยาศาสตร์การแพทย์ และสุขภาพ
WC515 ป418ร ฉ.4 
  Barcode: 21134
ห้องสมุดวิทยาเขตนครสวรรค์
►หนังสือทั่วไป:l:General Books
บนชั้น
5. วิทยาศาสตร์การแพทย์ และสุขภาพ
วิทยาศาสตร์การแพทย์ และสุขภาพ
WC515 ป418ร ฉ.5 
  Barcode: 21135
ห้องสมุดวิทยาเขตนครสวรรค์
►หนังสือทั่วไป:l:General Books
บนชั้น

รายการใกล้เคียง
    ผู้แต่ง [ประเสริฐ ทองเจริญ]

    หัวเรื่อง [ไข้หวัดใหญ่]
    หัวเรื่อง [ไข้หวัดนก]

BibComment


ยังไม่เคยถูกคอมเมนท์

คอมเมนท์ทรัพยากรรายการนี้
  คอมเมนท์: ระบาดบันลือโลก 20..


 Copyright 2026. Bcnsprnw @Library